| 000 | 00000nam 2200000zi 4500 |
| 001 | 9.869738 |
| 003 | CaOODSP |
| 005 | 20221107162929 |
| 006 | m o d f |
| 007 | cr ||||||||||| |
| 008 | 190312t19651965oncad ot f000 0 eng d |
| 040 | |aCaOODSP|beng|erda|cCaOODSP |
| 041 | |aeng|bfre |
| 043 | |an-cn--- |
| 086 | 1 |aM38-1/160-1965E-PDF|zM38-1/160 |
| 100 | 1 |aWhite, D. W. G., |eauthor. |
| 245 | 10|aSurface tension of molten zinc and some zinc alloys / |cD.W.G. White, Physical Metallurgy Division. |
| 264 | 1|aOttawa : |bDepartment of Mines and Technical Surveys, Mines Branch, |cApril 1965. |
| 264 | 4|c©1965 |
| 300 | |a1 online resource (iv, 62 pages) : |billustrations, charts. |
| 336 | |atext|btxt|2rdacontent |
| 337 | |acomputer|bc|2rdamedia |
| 338 | |aonline resource|bcr|2rdacarrier |
| 490 | 1 |aResearch report ; |vR 160 |
| 500 | |aDigitized edition from print [produced by Natural Resources Canada]. |
| 500 | |aTitle from cover. |
| 504 | |aIncludes bibliographic references (pages 40-42). |
| 520 | 3 |a"The surface tension of zinc and of some zinc alloys has been determined by the sessile drop method in a program of work emphasizing detailed experimental care"--Abstract, page i. |
| 546 | |aIncludes abstract in French. |
| 693 | 4|aSurface tension |
| 693 | 4|aZinc |
| 710 | 1 |aCanada. |bDepartment of Mines and Technical Surveys. |
| 710 | 1 |aCanada. |bMines Branch. |
| 830 | #0|aResearch report (Canada. Mines Branch)|vR 160.|w(CaOODSP)9.855660 |
| 856 | 40|qPDF|s942 KB|uhttps://publications.gc.ca/collections/collection_2019/rncan-nrcan/m38-1/M38-1-160-1965-eng.pdf |